Puesta en marcha y definición de los parámetros operativos para la estabilización de la planta de tratamiento de aguas residuales de una empresa procesadora de fruta
Збережено в:
| Автор: | |
|---|---|
| Інші автори: | |
| Формат: | Книга |
| Мова: | Spanish |
| Опубліковано: |
San José, Costa Rica
2018
|
| Предмети: | |
| Теги: |
Додати тег
Немає тегів, Будьте першим, хто поставить тег для цього запису!
|
MARC
| LEADER | 00000nam a22000007a 4500 | ||
|---|---|---|---|
| 003 | 013010 | ||
| 005 | 20230525144834.0 | ||
| 008 | 190403b2018 c a|||| ||m| 00| ||spa d | ||
| 040 | |c cru CEDI | ||
| 100 | |9 561 |a Herra Bogantes, Juan Gabriel, 1989- | ||
| 245 | |a Puesta en marcha y definición de los parámetros operativos para la estabilización de la planta de tratamiento de aguas residuales de una empresa procesadora de fruta | ||
| 260 | |a San José, Costa Rica |c 2018 | ||
| 500 | |a Proyecto de graduación(licenciatura en ingeniería química)--Universidad de Costa Rica. Facultad de Ingeniería. Escuela de Ingeniería Química | ||
| 501 | |a Director de Proyecto de Graduación: M.Sc. Bernardo Hernán Mora Góme | ||
| 650 | |x PLANTAS PARA TRATAMIENTO DE AGUAS RESIDUALES |x PURIFICACION DE AGUAS RESIDUALES |x INDUSTRIA FRUTICOLA |x CONTAMINACION DEL AGUA | ||
| 700 | |9 13 |a Mora Gómez, Bernardo Hernán, 1965- |d Director del TFG | ||
| 942 | |c CEDI |h TFG 8160 |6 TFG_8160_000000000000000 | ||
| 999 | |c 21650 |d 21650 | ||
